Подробности
| 000 -МАРКЕР |
| контрольное поле |
02102nam2a22003491 4500 |
| 001 - ИДЕНТИФИКАТОР ЗАПИСИ |
| контрольное поле |
rc\4072682 |
| 005 - ИДЕНТИФИКАТОР ВЕРСИИ |
| контрольное поле |
20260407064515.0 |
| 010 ## - МЕЖДУНАРОДНЫЙ СТАНДАРТНЫЙ НОМЕР КНИГИ (ISBN) |
| Уточнения |
В пер. |
| Цена |
12 р. 15 к. |
| Тираж |
7000 |
| 021 ## - НОМЕР ГОСУДАРСТВЕННОЙ РЕГИСТРАЦИИ |
| Код страны |
российская федерация |
| Номер |
[53-15582] |
| 035 ## - ДРУГИЕ СИСТЕМНЫЕ НОМЕРА |
| Идентификатор записи |
(NLR Aleph) 008120900 |
| 100 ## - ДАННЫЕ ОБЩЕЙ ОБРАБОТКИ |
| Данные общей обработки |
20130415d1953 |||y0rusy50 ca |
| 101 0# - ЯЗЫК РЕСУРСА |
| Язык текста, звукозаписи и т.д. |
русский |
| 102 ## - СТРАНА ПУБЛИКАЦИИ ИЛИ ПРОИЗВОДСТВА |
| Страна публикации |
российская федерация |
| 105 ## - ПОЛЕ КОДИРОВАННЫХ ДАННЫХ: ТЕКСТОВЫЕ МАТЕРИАЛЫ, МОНОГРАФИЧЕСКИЕ |
| Кодированные данные о монографическом текстовом документе |
a z ||||c |
| 200 1# - ЗАГЛАВИЕ И СВЕДЕНИЯ ОБ ОТВЕТСТВЕННОСТИ |
| Основное заглавие |
[Сложение пейзажной живописи во второй половине XIX века |
| -- |
А.К. Саврасов |
| -- |
И.И. Шишкин] |
| 210 ## - ПУБЛИКАЦИЯ, РАСПРОСТРАНЕНИЕ И ДР. |
| Место издания, распространения и т.д. |
Москва |
| Имя издателя, распространителя и т. д. |
Издательство Государственной Третьяковской галереи |
| Дата издания, распространения и т.д. |
1953 |
| 215 ## - ФИЗИЧЕСКАЯ ХАРАКТЕРИСТИКА |
| Специфическое обозначение материала и объем |
178 с., 22 л. ил. |
| Размеры |
23 |
| 461 #0 - УРОВЕНЬ НАБОРА |
| Встроенное поле |
001rc\4072681 |
| -- |
2001#$aМастера русского реалистического пейзажа$eочерки$fФ.С. Мальцева$gпод общ. ред. Г.В. Жидкова$vВып. 1 |
| Системный номер (АБИС) связанной записи |
9363506 |
| Автор |
Мальцева, Ф.С. |
| Место публикации |
Москва |
| Дата публикации |
1953-1959 |
| Первые сведения об ответственности |
Ф.С. Мальцева |
| Сведения, относящиеся к заглавию |
очерки |
| Физическая характеристика |
2 т. |
| Заглавие |
Мастера русского реалистического пейзажа |
| Номер тома |
Вып. 1 |
| 532 10 - РАСШИРЕННОЕ ЗАГЛАВИЕ |
| Заглавие |
Алексей Кондратьевич Саврасов |
| -- |
Иван Иванович Шишкин |
| Язык заглавия |
русский |
| 540 1# - ДОПОЛНИТЕЛЬНОЕ ЗАГЛАВИЕ, ПРИМЕНЯЕМОЕ КАТАЛОГИЗАТОРОМ |
| Заглавие |
Саврасов Алексей Кондратьевич |
| -- |
Шишкин Иван Иванович |
| 600 01 - ИМЯ ЛИЦА КАК ПРЕДМЕТ |
| Начальный элемент ввода |
Саврасов |
| Часть имени, кроме начального элемента ввода |
А.К. |
| Даты |
1830 - 1897 |
| Расширение инициалов личного имени |
Алексей Кондратьевич |
| Системный номер авторитетной/нормативной записи |
1062862 |
| Идентификатор авторитетной/нормативной записи |
RU\NLR\AUTH\66412681 |
| 600 01 - ИМЯ ЛИЦА КАК ПРЕДМЕТ |
| Начальный элемент ввода |
Шишкин |
| Часть имени, кроме начального элемента ввода |
И. И. |
| Даты |
1832 - 1898 |
| Расширение инициалов личного имени |
Иван Иванович |
| Системный номер авторитетной/нормативной записи |
890199 |
| Идентификатор авторитетной/нормативной записи |
RU\NLR\AUTH\66321847 |
| 686 0# - ИНДЕКСЫ ДРУГИХ КЛАССИФИКАЦИЙ |
| Индекс |
Щ143(2=Рус)52-476 |
| Код системы |
|
| 702 #1 - ИМЯ ЛИЦА - ВТОРИЧНАЯ ОТВЕТСТВЕННОСТЬ |
| Код отношения |
Прочие |
| Материалы, к которым относится поле |
rus |
| Графика поля |
Кириллица |
| Начальный элемент ввода |
Саврасов |
| Часть имени, кроме начального элемента ввода |
А. К. |
| Дополнения к именам, кроме дат |
художник |
| Даты |
1830-1897 |
| Расширение инициалов личного имени |
Алексей Кондратьевич |
| Идентификатор авторитетной/нормативной записи |
RU\NLR\AUTH\7746049 |
| Системный номер авторитетной/нормативной записи |
28984 |
| 702 #1 - ИМЯ ЛИЦА - ВТОРИЧНАЯ ОТВЕТСТВЕННОСТЬ |
| Код отношения |
Прочие |
| Материалы, к которым относится поле |
rus |
| Графика поля |
Кириллица |
| Начальный элемент ввода |
Шишкин |
| Часть имени, кроме начального элемента ввода |
И. И. |
| Дополнения к именам, кроме дат |
художник |
| Даты |
1832-1898 |
| Расширение инициалов личного имени |
Иван Иванович |
| Идентификатор авторитетной/нормативной записи |
RU\NLR\AUTH\7714767 |
| Системный номер авторитетной/нормативной записи |
124433 |
| 801 #0 - ИСТОЧНИК ЗАПИСИ |
| Страна |
российская федерация |
| Организация |
NLR |
| Дата составления |
20130415 |
| Правила каталогизации |
psbo |
| 801 #1 - ИСТОЧНИК ЗАПИСИ |
| Страна |
российская федерация |
| Организация |
ELAR |
| Дата составления |
20130415 |
| Источник данных |
rusmarc |
| 801 #2 - ИСТОЧНИК ЗАПИСИ |
| Страна |
российская федерация |
| Организация |
NLR |
| Дата составления |
20170307 |
| Источник данных |
rusmarc |
| 852 ## - МЕСТОНАХОЖДЕНИЕ И ШИФР ХРАНЕНИЯ |
| Идентификатор организации |
NLR |
| Шифр хранения (Call Number) |
Ис30 Г-5/79 |
| 942 ## - ДОПОЛНИТЕЛЬНЫЕ ЭЛЕМЕНТЫ ЗАПИСИ (АБИС) |
| Тип экземпляра АБИС |
Книга |
| 980 ## - КОЛЛЕКЦИЯ |
| Название коллекции |
Национальная библиография |